[Event "4NCL Division 1b"]
[Site "Hinckley Island ENG"]
[Date "2013.11.16"]
[Round "1.157"]
[White "Horton, Andrew P"]
[Black "Houska, Jovanka"]
[Result "0-1"]
[WhiteElo "2092"]
[BlackElo "2416"]
[PlyCount "106"]
[EventDate "2013.11.16"]
[WhiteTeam "3Cs 1"]
[BlackTeam "Wood Green HK 1"]

1. e4 c6 2. d4 d5 3. Nc3 dxe4 4. Nxe4 Bf5 5. Ng3 Bg6 6. h4 h6 7. Nf3 Nd7 8. h5
Bh7 9. Bd3 Bxd3 10. Qxd3 e6 11. Bd2 Ngf6 12. O-O-O Be7 13. Ne4 O-O 14. Nxf6+
Nxf6 15. Kb1 c5 16. g4 Nxg4 17. Qe2 Qd5 18. Rhg1 Qxh5 19. Rg2 cxd4 20. Rdg1 f5
21. Nxd4 Bf6 22. Qxe6+ Kh7 23. Qxf5+ Qxf5 24. Nxf5 Be5 25. f4 Rxf5 26. fxe5 h5
27. Bc3 Re8 28. Bd4 g5 29. Re2 Re6 30. c4 Kg6 31. Rge1 Rf4 32. Rd2 Kf5 33. Bxa7
Rxe5 34. Rh1 h4 35. Bb8 Rxc4 36. Bxe5 Nxe5 37. b3 Re4 38. a4 Re3 39. Rf1+ Ke4
40. Rh1 Rxb3+ 41. Ka2 Rb4 42. Re2+ Kf4 43. Ka3 Rd4 44. Rf1+ Nf3 45. Re7 Rd3+
46. Kb4 g4 47. Rxb7 g3 48. Rh7 Kg4 49. a5 Rd2 50. Rxf3 Kxf3 51. Rxh4 g2 52.
Rh3+ Kf4 53. Rh2 Rd4+ 0-1

[Event "4NCL Division 1b"]
[Site "Hinckley Island ENG"]
[Date "2013.11.16"]
[Round "1.158"]
[White "Greet, Andrew N"]
[Black "Walton, Alan J"]
[Result "1-0"]
[WhiteElo "2426"]
[BlackElo "2104"]
[PlyCount "53"]
[EventDate "2013.11.16"]
[WhiteTeam "Wood Green HK 1"]
[BlackTeam "3Cs 1"]

1. e4 e6 2. d4 d5 3. Nc3 Nf6 4. e5 Nfd7 5. f4 c5 6. Nf3 Nc6 7. Be3 Be7 8. Qd2
f6 9. exf6 Bxf6 10. dxc5 Qe7 11. Na4 O-O 12. O-O-O b6 13. Bb5 Bb7 14. cxb6 axb6
15. Nd4 Rfc8 16. Rhe1 Kh8 17. Kb1 Na5 18. Nb3 Nc4 19. Bxc4 Rxc4 20. Nxb6 Nxb6
21. Bxb6 Qd6 22. Bd4 Qa6 23. a3 Be7 24. Qe3 Bc8 25. Qg3 Bf8 26. f5 Qb7 27. fxe6
1-0

[Event "4NCL Division 1b"]
[Site "Hinckley Island ENG"]
[Date "2013.11.16"]
[Round "1.162"]
[White "Flear, Glenn C"]
[Black "Eckersley-Waites, Adam"]
[Result "1-0"]
[WhiteElo "2475"]
[BlackElo "2284"]
[PlyCount "27"]
[EventDate "2013.11.16"]
[WhiteTeam "Guildford 2"]
[BlackTeam "Cambridge University 1"]

1. d4 Nf6 2. c4 g6 3. Nc3 Bg7 4. e4 d6 5. Be2 O-O 6. Bg5 Na6 7. Qd2 e5 8. d5
Qe8 9. Bd1 Nc5 10. Bc2 a5 11. Nge2 c6 12. dxc6 Qxc6 13. f3 Ne6 14. Nd5 1-0

[Event "4NCL Division 1b"]
[Site "Hinckley Island ENG"]
[Date "2013.11.16"]
[Round "1.163"]
[White "Alfred, Nathan SW"]
[Black "Hambleton, Aman"]
[Result "0-1"]
[WhiteElo "2267"]
[BlackElo "2481"]
[PlyCount "74"]
[EventDate "2013.11.16"]
[WhiteTeam "Cambridge University 1"]
[BlackTeam "Guildford 2"]

1. d4 e6 2. Nf3 Nf6 3. c4 b6 4. g3 Ba6 5. Nbd2 Bb4 6. a3 Bxd2+ 7. Nxd2 Bb7 8.
f3 d5 9. b4 Nbd7 10. Bb2 Qe7 11. Qc2 O-O 12. Bh3 c5 13. dxc5 bxc5 14. O-O cxb4
15. axb4 Qxb4 16. Bd4 Qd6 17. c5 Qc7 18. Rfb1 a5 19. Ra2 Bc6 20. Qc3 e5 21. Bf2
a4 22. Qe3 Rab8 23. Rc1 Rb4 24. Bf5 Rfb8 25. Bc2 d4 26. Qa3 Nxc5 27. Bxh7+ Kxh7
28. Rxc5 Qd6 29. Rc1 Bd5 30. Qd3+ g6 31. Rac2 Kg7 32. Be1 Qe6 33. Rc7 R4b7 34.
Nf1 Rb3 35. Qd2 Rb2 36. Qg5 Rxe2 37. Bd2 Qh3 0-1

[Event "4NCL Division 1b"]
[Site "Hinckley Island ENG"]
[Date "2013.11.16"]
[Round "1.164"]
[White "Kilpatrick, Callum"]
[Black "Churm, Rohan M"]
[Result "1-0"]
[WhiteElo "2347"]
[BlackElo "2180"]
[PlyCount "53"]
[EventDate "2013.11.16"]
[WhiteTeam "Guildford 2"]
[BlackTeam "Cambridge University 1"]

1. e4 e6 2. d3 d5 3. Nd2 Nf6 4. Ngf3 Bc5 5. c3 dxe4 6. Nxe4 Nxe4 7. Qa4+ Bd7 8.
Qxe4 Bc6 9. Qg4 Qf6 10. d4 Bd6 11. Bd3 h6 12. Ng5 Nd7 13. Ne4 Bxe4 14. Qxe4 c6
15. O-O O-O-O 16. b4 e5 17. d5 c5 18. Be3 Qe7 19. Rab1 g6 20. Qc4 f5 21. bxc5
Bxc5 22. Rb5 b6 23. Rfb1 e4 24. Ra5 Ne5 25. Qa6+ Qb7 26. Rxc5+ Kb8 27. Bf4 1-0

[Event "4NCL Division 1b"]
[Site "Hinckley Island ENG"]
[Date "2013.11.16"]
[Round "1.165"]
[White "McClement, Andrew"]
[Black "Wadsworth, Matthew J"]
[Result "0-1"]
[WhiteElo "2194"]
[BlackElo "2189"]
[PlyCount "56"]
[EventDate "2013.11.16"]
[WhiteTeam "Cambridge University 1"]
[BlackTeam "Guildford 2"]

1. e4 e6 2. d4 d5 3. Nc3 Bb4 4. e5 c5 5. a3 Bxc3+ 6. bxc3 Qa5 7. Bd2 Qa4 8. Qb1
c4 9. Ne2 Nc6 10. Ng3 Nge7 11. Nh5 Rg8 12. Be2 Bd7 13. O-O O-O-O 14. Kh1 Rdf8
15. g4 f6 16. exf6 gxf6 17. Bh6 Rf7 18. f3 e5 19. Be3 Ng6 20. Bg1 Rgf8 21. Qb2
Re7 22. dxe5 Rxe5 23. Bd1 f5 24. f4 fxg4 25. fxe5 Rxf1 26. Nf6 Ngxe5 27. Nxd7
Nxd7 28. Rb1 b6 $138 0-1

[Event "4NCL Division 1b"]
[Site "Hinckley Island ENG"]
[Date "2013.11.16"]
[Round "1.168"]
[White "Sarakauskiene, Zivile"]
[Black "Kueh, Audrey"]
[Result "1-0"]
[WhiteElo "2171"]
[BlackElo "2088"]
[PlyCount "71"]
[EventDate "2013.11.16"]
[WhiteTeam "Guildford 2"]
[BlackTeam "Cambridge University 1"]

1. e4 c6 2. d4 d5 3. Nc3 dxe4 4. Nxe4 Bf5 5. Ng3 Bg6 6. h4 h6 7. Nf3 Nd7 8. h5
Bh7 9. Bd3 Bxd3 10. Qxd3 e6 11. Bf4 Qa5+ 12. Bd2 Bb4 13. c3 Be7 14. Ne4 Qf5 15.
O-O-O O-O-O 16. Qe2 Ngf6 17. Rde1 Nxe4 18. Qxe4 Qxe4 19. Rxe4 Nf6 20. Re2 Ng4
21. Ne1 c5 22. dxc5 Rd5 23. b4 Rhd8 24. Nf3 Bf6 25. Kc2 a5 26. a3 Kc7 27. Rh3
axb4 28. axb4 Ra8 29. Kb3 Rf5 30. Rg3 Ne5 31. Nxe5 Bxe5 32. Rxe5 Rxe5 33. Bf4
f6 34. Bxe5+ fxe5 35. Rxg7+ Kc6 36. Kc4 1-0

[Event "4NCL Division 1b"]
[Site "Hinckley Island ENG"]
[Date "2013.11.16"]
[Round "1.171"]
[White "Fernandez, Daniel H"]
[Black "Palliser, Richard JD"]
[Result "1/2-1/2"]
[WhiteElo "2378"]
[BlackElo "2456"]
[PlyCount "61"]
[EventDate "2013.11.16"]
[WhiteTeam "e2e4.org.uk 1"]
[BlackTeam "White Rose 1"]

1. b4 e5 2. Bb2 Bxb4 3. Bxe5 Nf6 4. Nf3 O-O 5. e3 d5 6. c4 Re8 7. Bb2 Nc6 8.
cxd5 Nxd5 9. a3 Ba5 10. Bb5 Bd7 11. O-O Nce7 12. Be2 Ng6 13. d4 Bc6 14. Nbd2
Nc3 15. Bxc3 Bxc3 16. Rc1 Bxd2 17. Qxd2 Qd6 18. Qb4 Qf6 19. Rfd1 Rad8 20. Qa5
Qe7 21. Qxa7 Nf4 22. exf4 Qxe2 23. Re1 Qa2 24. Ne5 Qd5 25. Nxc6 Rxe1+ 26. Rxe1
Qxc6 27. Qc5 Qxc5 28. dxc5 Kf8 29. g3 Ra8 30. Re3 Ra5 31. Rb3 1/2-1/2

[Event "4NCL Division 1b"]
[Site "Hinckley Island ENG"]
[Date "2013.11.16"]
[Round "1.172"]
[White "McNab, Colin A"]
[Black "Sowray, Peter J"]
[Result "1-0"]
[WhiteElo "2453"]
[BlackElo "2323"]
[PlyCount "107"]
[EventDate "2013.11.16"]
[WhiteTeam "White Rose 1"]
[BlackTeam "e2e4.org.uk 1"]

1. c4 f5 2. g3 Nf6 3. Bg2 g6 4. Nc3 Bg7 5. d3 O-O 6. e4 fxe4 7. dxe4 d6 8. Nge2
c5 9. h3 Nc6 10. O-O e5 11. Nd5 Be6 12. Bg5 Qd7 13. Kh2 Nh5 14. Qd2 Nd4 15.
Nxd4 cxd4 16. Rac1 Rf7 17. c5 Raf8 18. b4 dxc5 19. Rxc5 Qd6 20. Kg1 a5 21. Rxa5
b6 22. Ra3 Bxd5 23. exd5 Nf6 24. Bxf6 Bxf6 25. Be4 Be7 26. Rb3 Kg7 27. Kg2 Qd7
28. a3 b5 29. Rbb1 Rc8 30. Rbc1 Rc4 31. Rc2 Qa7 32. Qe2 Qxa3 33. Rxc4 bxc4 34.
Qxc4 Qxb4 35. Qxb4 Bxb4 36. Rb1 Bd6 37. Rb6 Rd7 38. Kf3 Kf6 39. Ra6 Ke7 40. Ra8
Rb7 41. Rh8 Kf6 42. h4 Rf7 43. Ke2 Rb7 44. g4 Rb2+ 45. Kf1 Kg7 46. Rd8 Rb6 47.
Rd7+ Kg8 48. g5 Bc5 49. h5 gxh5 50. Bxh7+ Kh8 51. Bf5 d3 52. Rh7+ Kg8 53. g6
Kf8 54. Be6 1-0

[Event "4NCL Division 1b"]
[Site "Hinckley Island ENG"]
[Date "2013.11.16"]
[Round "1.173"]
[White "Jackson, James P"]
[Black "Adair, James R"]
[Result "0-1"]
[WhiteElo "2246"]
[BlackElo "2399"]
[PlyCount "168"]
[EventDate "2013.11.16"]
[WhiteTeam "e2e4.org.uk 1"]
[BlackTeam "White Rose 1"]

1. e4 e6 2. d4 d5 3. Nc3 Nf6 4. Bg5 dxe4 5. Nxe4 Be7 6. Bxf6 gxf6 7. Nf3 f5 8.
Ned2 c5 9. dxc5 Bxc5 10. Nb3 Qxd1+ 11. Rxd1 Bb6 12. g3 Nc6 13. Bg2 Bd7 14. O-O
Rd8 15. Nfd4 Nxd4 16. Nxd4 Ba4 17. Nb3 Rc8 18. c3 Rc7 19. Rd2 Ke7 20. Nd4 Kf6
21. b3 Bd7 22. c4 a6 23. Nc2 Ke7 24. Rfd1 Bc8 25. Bf3 Rg8 26. Kg2 Rc5 27. Kf1
Rd8 28. Rxd8 Bxd8 29. Rd4 Ke8 30. b4 Rc7 31. Ne3 a5 32. a3 Bd7 33. Rd6 Rc8 34.
c5 Bb5+ 35. Kg2 Rb8 36. bxa5 Bxa5 37. c6 bxc6 38. Bxc6+ Bxc6+ 39. Rxc6 Ra8 40.
a4 Kd7 41. Rc4 Bd8 42. Kf3 Bf6 43. Rb4 Kc6 44. Ke2 Ra7 45. Kd3 Rd7+ 46. Kc2 Be7
47. Rb2 Rd4 48. Ra2 f4 49. Ng2 fxg3 50. hxg3 Bc5 51. Nf4 Ba7 52. Kc3 Rd1 53.
Nd3 f6 54. Re2 Kd6 55. Re4 Rh1 56. Kd2 f5 57. Rb4 h5 58. Ke2 e5 59. Rb5 Bd4 60.
Rb8 Ra1 61. Rd8+ Ke7 62. Ra8 Ra2+ 63. Kd1 Bc3 64. Kc1 e4 65. Nf4 Bd4 66. Nh3
Bxf2 67. Nxf2 Rxf2 68. a5 e3 69. Kd1 Rd2+ 70. Ke1 h4 71. a6 hxg3 72. a7 Ra2 73.
Rg8 Rxa7 74. Rxg3 Ra1+ 75. Ke2 f4 76. Rg4 Ra2+ 77. Ke1 Rf2 78. Rg6 Kf7 79. Rh6
Kg7 80. Re6 Rh2 81. Re4 Rh4 82. Ke2 Kf6 83. Re8 Rh2+ 84. Kf1 Kf5 0-1

[Event "4NCL Division 1b"]
[Site "Hinckley Island ENG"]
[Date "2013.11.16"]
[Round "1.174"]
[White "Croad, Nicolas"]
[Black "Crouch, Colin S"]
[Result "0-1"]
[WhiteElo "2283"]
[BlackElo "2366"]
[PlyCount "110"]
[EventDate "2013.11.16"]
[WhiteTeam "White Rose 1"]
[BlackTeam "e2e4.org.uk 1"]

1. d4 d5 2. c4 c6 3. Nf3 Nf6 4. e3 a6 5. Bd2 g6 6. Be2 Bg7 7. O-O Ne4 8. Qb3
dxc4 9. Bxc4 O-O 10. a4 c5 11. dxc5 Nxc5 12. Qc2 Bf5 13. Bxf7+ Rxf7 14. Qxc5
Bxb2 15. Bc3 Bxa1 16. Bxa1 Nd7 17. Qc3 Nf6 18. Ng5 h6 19. Nxf7 Kxf7 20. Qb2 b5
21. Nc3 bxa4 22. Qa2+ Be6 23. Qxa4 Qd3 24. Qf4 Rc8 25. Qe5 Bc4 26. Rd1 Qc2 27.
h3 Be2 28. Re1 Qd2 29. Rb1 Bb5 30. Nxb5 Rc1+ 31. Rxc1 Qxc1+ 32. Kh2 axb5 33.
Bd4 Qc6 34. Qf4 g5 35. Qf5 Qd7 36. Qc2 Qd5 37. Bxf6 Kxf6 38. Qh7 Qd6+ 39. g3
Ke5 40. Qh8+ Kd5 41. Qa8+ Kc4 42. Qa2+ Kd3 43. Kg1 b4 44. Kf1 Kc3 45. Qa1+ Kc4
46. Qa4 Qd3+ 47. Kg2 Qe4+ 48. Kg1 Kc3 49. Qa1+ Kb3 50. Kh2 Qc2 51. Kg2 Qc3 52.
Qa7 e5 53. Qb6 Kc2 54. f4 b3 55. Qb5 b2 0-1

[Event "4NCL Division 1b"]
[Site "Hinckley Island ENG"]
[Date "2013.11.16"]
[Round "1.175"]
[White "Ross, Chris N"]
[Black "Townsend, M Paul"]
[Result "0-1"]
[WhiteElo "2237"]
[BlackElo "2230"]
[PlyCount "138"]
[EventDate "2013.11.16"]
[WhiteTeam "e2e4.org.uk 1"]
[BlackTeam "White Rose 1"]

1. d4 Nf6 2. c4 e6 3. Nf3 d5 4. Nc3 Bb4 5. Bg5 h6 6. Bxf6 Qxf6 7. cxd5 exd5 8.
Qb3 c5 9. e3 Nc6 10. Be2 c4 11. Qd1 O-O 12. O-O Bxc3 13. bxc3 Bf5 14. Nd2 Rfe8
15. e4 Bxe4 16. Nxe4 dxe4 17. Bxc4 Rac8 18. Rc1 Na5 19. Bb5 Red8 20. Qa4 b6 21.
Rfe1 Qg5 22. Qb4 f5 23. Rcd1 Kh8 24. a4 Qf6 25. Re3 Qe6 26. f3 Nc4 27. Bxc4
Rxc4 28. Qb5 Rdc8 29. fxe4 fxe4 30. h3 Rxc3 31. Rxc3 Rxc3 32. d5 Qe5 33. Qb2 e3
34. Qe2 Rc7 35. Kh1 Rd7 36. Rd3 Rxd5 37. Rxe3 Rd1+ 38. Qxd1 Qxe3 39. Qd8+ Kh7
40. Qd7 Qc1+ 41. Kh2 Qf4+ 42. Kg1 Qe3+ 43. Kf1 a5 44. Qf5+ Kg8 45. Qd5+ Kf8 46.
Qd6+ Kf7 47. Qc7+ Kf6 48. Qd8+ Kg6 49. Qd6+ Kh7 50. Qd7 Qf4+ 51. Kg1 Qf6 52.
Qe8 Qg6 53. Qd7 h5 54. Kh2 Qf6 55. Qd3+ Kh6 56. Qe3+ g5 57. Qe8 h4 58. Kh1 Qf1+
59. Kh2 Qf4+ 60. Kh1 Qc1+ 61. Kh2 Qc5 62. Qd7 Kg6 63. Qe6+ Kg7 64. Qe8 Kf6 65.
Kh1 Kf5 66. Qe1 Qd4 67. Qf1+ Ke6 68. Qb5 Qa1+ 69. Kh2 Qe5+ 0-1

[Event "4NCL Division 1b"]
[Site "Hinckley Island ENG"]
[Date "2013.11.16"]
[Round "1.178"]
[White "Gantner, Matthias"]
[Black "Norinkeviciute, Rasa"]
[Result "1-0"]
[WhiteElo "2247"]
[BlackElo "2011"]
[PlyCount "55"]
[EventDate "2013.11.16"]
[WhiteTeam "White Rose 1"]
[BlackTeam "e2e4.org.uk 1"]

1. e4 c5 2. Nf3 d6 3. d4 cxd4 4. Nxd4 Nf6 5. Nc3 a6 6. Be3 e5 7. Nb3 Be6 8. f3
Qc7 9. g4 Be7 10. g5 Nfd7 11. Nd5 Bxd5 12. Qxd5 Nb6 13. Qd2 N8d7 14. O-O-O Nc4
15. Bxc4 Qxc4 16. h4 O-O-O 17. Na5 Qc7 18. Qd5 Rhf8 19. Rd3 Nc5 20. Ra3 Kb8 21.
Rd1 Rc8 22. Bxc5 dxc5 23. Nxb7 Ka7 24. Qc4 Qxb7 25. Rd7 Qxd7 26. Qxa6+ Kb8 27.
Rb3+ Kc7 28. Qb6# 1-0

[Event "4NCL Division 1b"]
[Site "Hinckley Island ENG"]
[Date "2013.11.16"]
[Round "1.181"]
[White "Collins, Sam E"]
[Black "Batchelor, Peter J"]
[Result "1/2-1/2"]
[WhiteElo "2474"]
[BlackElo "2129"]
[PlyCount "144"]
[EventDate "2013.11.16"]
[WhiteTeam "Barbican 4NCL 1"]
[BlackTeam "Grantham Sharks 2"]

1. c4 Nf6 2. Nf3 g6 3. g3 c6 4. d4 d5 5. cxd5 cxd5 6. Ne5 Bg7 7. Bg2 O-O 8. Nc3
Nc6 9. Nxc6 bxc6 10. O-O Bf5 11. Qa4 Qd7 12. Rd1 Rfc8 13. Bf4 a5 14. Rac1 Qb7
15. Rd2 Qb4 16. a3 Qxa4 17. Nxa4 Nd7 18. h3 h5 19. Kh2 Bf6 20. h4 Bg7 21. Kg1
Kh7 22. Kh2 f6 23. Bh3 e5 24. Bxf5 gxf5 25. Be3 Bf8 26. Rdc2 Ra6 27. f3 Bd6 28.
Kh3 Kg6 29. Bf2 Kf7 30. Rd1 e4 31. Rdc1 Ke6 32. Be3 Bb8 33. Bf4 Bxf4 34. gxf4
Kd6 35. fxe4 fxe4 36. Rg1 Raa8 37. e3 Rg8 38. Rgc1 Ra6 39. Nc3 Rg4 40. Ne2 Nb8
41. Ng3 Ra7 42. f5 Rb7 43. Nxh5 Rg8 44. Nxf6 Rf8 45. Ng4 Rxf5 46. Ne5 Rh5 47.
Nxc6 Rbh7 48. Nxa5 Rxh4+ 49. Kg3 Rh3+ 50. Kf2 Rf3+ 51. Kg2 Rg7+ 52. Kh1 Rh7+
53. Rh2 Rxh2+ 54. Kxh2 Rxe3 55. Kg1 Rd3 56. Nb7+ Ke7 57. Rc7+ Kf6 58. Nc5 Rd1+
59. Kf2 Rd2+ 60. Ke3 Rxb2 61. a4 Kf5 62. a5 Rb1 63. a6 Nxa6 64. Nxa6 Rb3+ 65.
Ke2 Rd3 66. Rf7+ Ke6 67. Rh7 Rxd4 68. Nc7+ Kf5 69. Rf7+ Ke5 70. Re7+ Kd6 71.
Nb5+ Kxe7 72. Nxd4 Kf6 1/2-1/2

[Event "4NCL Division 1b"]
[Site "Hinckley Island ENG"]
[Date "2013.11.16"]
[Round "1.182"]
[White "Mangione, Claudio"]
[Black "Turner, Matthew J"]
[Result "1/2-1/2"]
[WhiteElo "2154"]
[BlackElo "2514"]
[PlyCount "66"]
[EventDate "2013.11.16"]
[WhiteTeam "Grantham Sharks 2"]
[BlackTeam "Barbican 4NCL 1"]

1. c4 Nf6 2. g3 c6 3. Bg2 d5 4. Nf3 dxc4 5. O-O Nbd7 6. Qc2 Nb6 7. a4 a5 8. Na3
Qd5 9. Ne1 Qe6 10. d3 h5 11. h4 Nfd5 12. Bd2 Qxe2 13. dxc4 Nb4 14. Bxb4 Qxc2
15. Nexc2 axb4 16. Nxb4 e6 17. Nxc6 Bxa3 18. Rxa3 Nxc4 19. Ra2 Bd7 20. Rc1 Nb6
21. Ne5 Rxa4 22. Rxa4 Bxa4 23. Rc7 O-O 24. Rxb7 Nd5 25. b4 f6 26. Ng6 Ra8 27.
b5 Ra5 28. b6 Rb5 29. Nf4 Rb1+ 30. Kh2 Bc6 31. Rb8+ Kf7 32. Nxd5 Bxd5 33. b7
Bxg2 1/2-1/2

[Event "4NCL Division 1b"]
[Site "Hinckley Island ENG"]
[Date "2013.11.16"]
[Round "1.183"]
[White "Grafl, Florian"]
[Black "Birtwistle, Nigel"]
[Result "1-0"]
[WhiteElo "2384"]
[BlackElo "2145"]
[PlyCount "129"]
[EventDate "2013.11.16"]
[WhiteTeam "Barbican 4NCL 1"]
[BlackTeam "Grantham Sharks 2"]

1. b3 Nf6 2. Bb2 g6 3. g4 Bg7 4. g5 Nh5 5. Bxg7 Nxg7 6. Qc1 e5 7. Qb2 d6 8. Nf3
Nc6 9. Nc3 Be6 10. O-O-O Qe7 11. h4 O-O-O 12. d4 Bg4 13. Nd5 Qf8 14. Bh3 Bxh3
15. Rxh3 Qe8 16. Rhh1 Nh5 17. Qc3 e4 18. Ng1 Rd7 19. Qh3 Qe6 20. c4 Re8 21. e3
Ne7 22. Nxe7+ Rexe7 23. Ne2 d5 24. cxd5 Rxd5 25. Qxe6+ Rxe6 26. Nc3 Rf5 27. Rh2
f6 28. Rg2 Rf3 29. gxf6 Nxf6 30. Rh1 c6 31. Kd2 Nd5 32. h5 Nxc3 33. Kxc3 Kd7
34. hxg6 hxg6 35. Kd2 a5 36. Ke2 Rf7 37. Rh8 Kc7 38. Rg8 Rff6 39. Rg7+ Kb6 40.
Rh2 Rf8 41. Rhh7 Rb8 42. Re7 Rxe7 43. Rxe7 a4 44. Rxe4 axb3 45. axb3 c5 46.
Re6+ Kb5 47. dxc5 Kxc5 48. Rxg6 b5 49. Rg4 Ra8 50. b4+ Kd5 51. Rd4+ Ke6 52. f4
Ra2+ 53. Kf3 Rb2 54. Ke4 Rb3 55. f5+ Kf6 56. Rd6+ Ke7 57. Rb6 Rxb4+ 58. Ke5 Rb3
59. e4 b4 60. f6+ Kf7 61. Rb7+ Kg6 62. Rg7+ Kh6 63. Rg1 Rf3 64. Ke6 b3 65. f7
1-0

[Event "4NCL Division 1b"]
[Site "Hinckley Island ENG"]
[Date "2013.11.16"]
[Round "1.184"]
[White "Bremner, Adam"]
[Black "D'Costa, Lorin AR"]
[Result "1/2-1/2"]
[WhiteElo "2207"]
[BlackElo "2406"]
[PlyCount "30"]
[EventDate "2013.11.16"]
[WhiteTeam "Grantham Sharks 2"]
[BlackTeam "Barbican 4NCL 1"]

1. d4 Nf6 2. Nf3 e6 3. e3 b6 4. Bd3 Bb7 5. O-O c5 6. c4 Be7 7. Nc3 cxd4 8. exd4
d5 9. cxd5 Nxd5 10. Ne5 O-O 11. Qg4 Nf6 12. Qh4 Ne4 13. Qg4 Nf6 14. Qh4 Ne4 15.
Qg4 Nf6 1/2-1/2

[Event "4NCL Division 1b"]
[Site "Hinckley Island ENG"]
[Date "2013.11.16"]
[Round "1.186"]
[White "Murphy, Hugh W"]
[Black "Cox, John J"]
[Result "0-1"]
[WhiteElo "2135"]
[BlackElo "2376"]
[PlyCount "90"]
[EventDate "2013.11.16"]
[WhiteTeam "Grantham Sharks 2"]
[BlackTeam "Barbican 4NCL 1"]

1. e4 e5 2. Nf3 Nc6 3. Nc3 Nf6 4. d4 exd4 5. Nxd4 Bb4 6. Nxc6 bxc6 7. Bd3 d5 8.
exd5 cxd5 9. O-O O-O 10. Bg5 c6 11. Na4 h6 12. Bh4 Re8 13. c3 Bd6 14. h3 Be6
15. Re1 Rb8 16. Bc2 g5 17. Bg3 Bxg3 18. fxg3 Qd6 19. g4 c5 20. Qf3 Bd7 21.
Rxe8+ Bxe8 22. Rf1 Kg7 23. Rf2 Bxa4 24. Bxa4 Rb7 25. c4 Rb4 26. b3 dxc4 27. a3
Rb6 28. bxc4 Rb1+ 29. Rf1 Qd4+ 30. Kh2 Rxf1 31. Qxf1 Qe5+ 32. Kg1 Qe3+ 33. Kh2
Qxa3 34. Bc6 a5 35. Qe2 Qc3 36. Kh1 Qa1+ 37. Kh2 Qd4 38. Kh1 Nh7 39. Bd5 Nf6
40. Bc6 Qa1+ 41. Kh2 a4 42. Qe7 a3 43. Bd5 Nxd5 44. cxd5 a2 45. d6 Qd4 0-1

[Event "4NCL Division 1b"]
[Site "Hinckley Island ENG"]
[Date "2013.11.16"]
[Round "1.187"]
[White "Ferguson, Mark"]
[Black "Varnam, Liam D"]
[Result "1-0"]
[WhiteElo "2417"]
[BlackElo "2120"]
[PlyCount "75"]
[EventDate "2013.11.16"]
[WhiteTeam "Barbican 4NCL 1"]
[BlackTeam "Grantham Sharks 2"]

1. e4 c5 2. Nf3 Nc6 3. Bb5 g6 4. Bxc6 dxc6 5. d3 Bg7 6. O-O Nf6 7. Nbd2 O-O 8.
a4 a5 9. Nc4 Qc7 10. Bd2 b6 11. Bc3 Ba6 12. Nfd2 Bxc4 13. Nxc4 Nh5 14. Bxg7
Kxg7 15. Qd2 e5 16. Qc3 f6 17. g3 Kh8 18. Rae1 Rab8 19. Re2 g5 20. Ne3 Ng7 21.
f3 Ne6 22. Ref2 Qd7 23. b3 Rbd8 24. Kh1 Qd4 25. Qd2 Qd7 26. Ng2 Nd4 27. Qd1 b5
28. Ne3 b4 29. Nc4 Qc7 30. f4 exf4 31. gxf4 Ne6 32. fxg5 fxg5 33. Rxf8+ Rxf8
34. Rxf8+ Nxf8 35. Qa1+ Kg8 36. Qf6 Ng6 37. Nd6 Qd7 38. Nf5 1-0

[Event "4NCL Division 1b"]
[Site "Hinckley Island ENG"]
[Date "2013.11.16"]
[Round "1.188"]
[White "Summerscale, Claire E"]
[Black "Regan, Natasha K"]
[Result "1/2-1/2"]
[WhiteElo "1951"]
[BlackElo "2081"]
[PlyCount "106"]
[EventDate "2013.11.16"]
[WhiteTeam "Grantham Sharks 2"]
[BlackTeam "Barbican 4NCL 1"]

1. d4 Nf6 2. Nc3 d5 3. Bg5 Nbd7 4. Nf3 g6 5. e3 Bg7 6. Be2 O-O 7. O-O c6 8. a3
h6 9. Bf4 Nh5 10. Be5 f6 11. Bg3 Nxg3 12. hxg3 e5 13. Nh4 Qe8 14. g4 Nb6 15.
Qd3 e4 16. Qd2 Be6 17. b4 Rc8 18. a4 Nd7 19. a5 Kh7 20. Na4 b6 21. axb6 axb6
22. f3 Qe7 23. fxe4 dxe4 24. c4 Bg8 25. g3 Qd6 26. Kh2 c5 27. bxc5 bxc5 28. d5
Ra8 29. Nc3 Qe5 30. Rxa8 Rxa8 31. Nb5 Ra4 32. Rb1 Ra6 33. Qc2 f5 34. gxf5 g5
35. Ng2 Qxf5 36. Rf1 Qg6 37. Bg4 Rf6 38. Rxf6 Nxf6 39. Be2 h5 40. Nc3 Bf8 41.
Nxe4 Kh6 42. Bd3 Nxe4 43. Bxe4 Qf6 44. Qd1 Bd6 45. Qf3 Qxf3 46. Bxf3 h4 47. e4
Bxg3+ 48. Kh3 Kg6 49. Ne3 Bf7 50. Ng4 Be8 51. e5 Kf5 52. e6 Bd6 53. Bg2 Bh5
1/2-1/2

[Event "4NCL Division 1b"]
[Site "Hinckley Island ENG"]
[Date "2014.01.12"]
[Round "4.151"]
[White "Wells, Peter K"]
[Black "Howell, David WL"]
[Result "0-1"]
[WhiteElo "2463"]
[BlackElo "2640"]
[PlyCount "68"]
[EventDate "2014.01.12"]
[WhiteTeam "White Rose 1"]
[BlackTeam "Wood Green HK 1"]

1. Nf3 Nf6 2. c4 e6 3. g3 d5 4. Bg2 Be7 5. d4 O-O 6. O-O dxc4 7. Ne5 Nc6 8.
Bxc6 bxc6 9. Nxc6 Qe8 10. Nxe7+ Qxe7 11. Qa4 e5 12. dxe5 Qxe5 13. Qxc4 Be6 14.
Qd3 Ng4 15. Nc3 Rad8 16. Qb5 c5 17. Bf4 Qh5 18. h4 Rd4 19. Qc6 h6 20. Qg2 Rfd8
21. f3 Nf6 22. Be3 Rb4 23. Rad1 Rxd1 24. Rxd1 Rxb2 25. Qf2 Nd7 26. Bc1 Rc2 27.
Ne4 Rxa2 28. Bf4 Qf5 29. Qe3 c4 30. g4 Qa5 31. Bxh6 gxh6 32. Qxh6 Ra1 33. Rxa1
Qxa1+ 34. Kg2 Qe5 0-1

[Event "4NCL Division 1b"]
[Site "Hinckley Island ENG"]
[Date "2014.01.12"]
[Round "4.152"]
[White "Pert, Nicholas"]
[Black "Palliser, Richard JD"]
[Result "1/2-1/2"]
[WhiteElo "2554"]
[BlackElo "2453"]
[PlyCount "92"]
[EventDate "2014.01.12"]
[WhiteTeam "Wood Green HK 1"]
[BlackTeam "White Rose 1"]

1. d4 Nf6 2. Nf3 g6 3. g3 Bg7 4. Bg2 O-O 5. O-O d6 6. Nc3 d5 7. Bf4 c6 8. Re1
Bf5 9. h3 Ne4 10. Nd2 Bxd4 11. Ncxe4 dxe4 12. c3 Bb6 13. Nxe4 Qc8 14. g4 Bxe4
15. Bxe4 Qe6 16. Bg2 Nd7 17. Qc2 Ne5 18. Rad1 Rad8 19. Rxd8 Rxd8 20. Rd1 Rxd1+
21. Qxd1 Nc4 22. b3 Nd6 23. e3 Qf6 24. Qd3 e5 25. Bg3 Qe6 26. c4 f6 27. Qc3 Nf7
28. b4 Qd7 29. Qc2 a5 30. a3 axb4 31. axb4 Bd8 32. Qb1 Be7 33. b5 cxb5 34. cxb5
Bc5 35. Qb3 Kg7 36. Bd5 Nd6 37. g5 Qxb5 38. Qc3 Nf7 39. gxf6+ Kxf6 40. Bxf7
Kxf7 41. Qxe5 Qb1+ 42. Kh2 Be7 43. Qd5+ Kf8 44. e4 Qb6 45. Qe5 Kf7 46. Qd5+ Kf8
1/2-1/2

[Event "4NCL Division 1b"]
[Site "Hinckley Island ENG"]
[Date "2014.01.12"]
[Round "4.154"]
[White "Aagaard, Jacob"]
[Black "Buckley, Simon T"]
[Result "1-0"]
[WhiteElo "2513"]
[BlackElo "2348"]
[PlyCount "65"]
[EventDate "2014.01.12"]
[WhiteTeam "Wood Green HK 1"]
[BlackTeam "White Rose 1"]

1. d4 e6 2. c4 Nf6 3. Nc3 Bb4 4. e3 c5 5. Nge2 cxd4 6. exd4 O-O 7. a3 Be7 8. d5
d6 9. dxe6 fxe6 10. Nf4 Qa5 11. Qe2 Qf5 12. g3 g5 13. Bh3 g4 14. Bg2 Nc6 15.
Be3 Ne5 16. h3 Nf3+ 17. Kf1 Ne5 18. Re1 Ng6 19. hxg4 Qxg4 20. Bf3 Qf5 21. Nxg6
Qxg6 22. Kg2 e5 23. Rh6 Qg7 24. Rh4 Rf7 25. Reh1 Bf5 26. b4 h5 27. Bxb7 Raf8
28. Bf3 Ng4 29. Rxh5 e4 30. Rh8+ Qxh8 31. Rxh8+ Kxh8 32. Bxg4 Bg6 33. Nd5 1-0

[Event "4NCL Division 1b"]
[Site "Hinckley Island ENG"]
[Date "2014.01.12"]
[Round "4.155"]
[White "Croad, Nicolas"]
[Black "McDonald, Neil R"]
[Result "1/2-1/2"]
[WhiteElo "2272"]
[BlackElo "2437"]
[PlyCount "83"]
[EventDate "2014.01.12"]
[WhiteTeam "White Rose 1"]
[BlackTeam "Wood Green HK 1"]

1. d4 e6 2. c4 f5 3. g3 d5 4. Bg2 c6 5. Nf3 Nf6 6. O-O Bd6 7. Nc3 O-O 8. Qc2
Bd7 9. Rb1 Be8 10. Bf4 Bxf4 11. gxf4 Bh5 12. b4 Bxf3 13. Bxf3 Ne4 14. Bg2 Nd7
15. b5 Nb6 16. bxc6 bxc6 17. c5 Nc4 18. Rb7 Rf6 19. Nxe4 fxe4 20. Qc3 Na5 21.
Rb4 Rxf4 22. Qg3 Rf8 23. Rfb1 Qf6 24. Rb8 Raxb8 25. Rxb8 Nc4 26. Rxf8+ Kxf8 27.
Qb8+ Kf7 28. Qc7+ Kg6 29. Qxc6 e3 30. f4 Qf5 31. Bf3 Nd2 32. Kg2 Kh6 33. Qe8 g6
34. Qe7 Qxf4 35. c6 Nxf3 36. exf3 e2 37. Qxe6 Qd2 38. Qh3+ Kg5 39. Qg3+ Kf6 40.
Qe5+ Kf7 41. Qc7+ Kf8 42. Qd8+ 1/2-1/2